Datum a čas kvízu
16
Celkem bodů
Celkový počet nahraných bodů na tomto kvízu bez doplňovacích otázek.
6.
Pořadí na kvízu
Konečné umístění týmu na tomto kvízu.
Zaznamenané odpovědi
| # | Otázka | Odpověď | Body | Výsledky |
|---|---|---|---|---|
| 1. | V pondělí odpoledne došlo k za... | Merkur | 0 | |
| 2. | Jistá evropská země od příštíh... | Nizozemsko | 0 | |
| 3. | Ve čtvrtek vstoupil do našich... | Amnestie | 0 | |
| 4. | 11. listopadu se ve světě již... | na nezadané | 0 | |
| 5. | Ve kterém českém městě se odeh... | v Plzni | 0 | |
| 6. | Téma o tomto komikovi si vybra... | v Litoměřicích | 1 | |
| 7. | Jak se jmenuje herečka zdatně... | Iva Janžurová | 1 | |
| 8. | Kdo je "průkopníkem českého di... | Tyl | 0 | |
| 9. | Milan Neděla hraje v této scén... | B) manželem Holzmannovy milenky | 0 | |
| 10. | Ve scénce V restauraci hraje H... | Podložil s ním nohu stolu. | 0 |